Statistics for Italian provinces

Click here to take the quiz!

General Stats

  • This quiz has been taken 54 times
  • The average score is 70 of 110

Answer Stats

CodeProvince% Correct
AGAgrigento
95%
AOAosta
91%
BOBologna
88%
ANAncona
86%
BABari
86%
AVAvellino
84%
FIFirenze
84%
AQL'Aquila
84%
LELecce
84%
GEGenova
81%
NANapoli
81%
BGBergamo
79%
CACagliari
79%
GOGorizia
79%
MIMilano
79%
TOTorino
79%
BSBrescia
77%
VEVenezia
77%
VRVerona
77%
BIBiella
74%
BZBolzano
74%
RMRoma
74%
UDUdine
74%
CHChieti
72%
COComo
72%
LILivorno
72%
LULucca
72%
NUNuoro
72%
PDPadova
72%
PGPerugia
72%
CTCatania
70%
CZCatanzaro
70%
FEFerrara
70%
GRGrosseto
70%
MEMessina
70%
PAPalermo
70%
PIPisa
70%
RARavenna
70%
RCReggio Calabria
70%
SASalerno
70%
TPTrapani
70%
VAVarese
70%
CNCuneo
67%
ISIsernia
67%
LCLecco
67%
MOModena
67%
NONovara
67%
REReggio Emilia
67%
VIVicenza
67%
ARArezzo
65%
KRCrotone
65%
ENEnna
65%
FGFoggia
65%
OROristano
65%
SSSassari
65%
SISiena
65%
ALAlessandria
63%
BRBrindisi
63%
CRCremona
63%
PVPavia
63%
SOSondrio
63%
TATaranto
63%
CSCosenza
60%
FRFrosinone
60%
PNPordenone
60%
PZPotenza
60%
RGRagusa
60%
RNRimini
60%
RORovigo
60%
TNTrento
60%
VVVibo Valentia
60%
BLBelluno
58%
BTBarletta-Andria-Trani
56%
BNBenevento
56%
LOLodi
56%
MNMantova
56%
MBMonza e Brianza
56%
VTViterbo
56%
CBCampobasso
53%
FMFermo
53%
MCMacerata
53%
PTPistoia
53%
SVSavona
53%
TETeramo
53%
TVTreviso
53%
APAscoli Piceno
51%
MSMassa e Carrara
51%
MTMatera
51%
OGOgliastra
51%
PEPescara
51%
FCForlì-Cesena
49%
IMImperia
49%
PUPesaro e Urbino
49%
SRSiracusa
49%
TSTrieste
49%
VCVercelli
49%
ATAsti
47%
CECaserta
47%
LTLatina
47%
PRParma
47%
PCPiacenza
47%
RIRieti
47%
SPLa Spezia
44%
TRTerni
44%
VBVerbano-Cusio-Ossola
44%
OTOlbia-Tempio
37%
POPrato
37%
CICarbonia-Iglesias
35%
ClCaltanissetta
30%
VSMedio Campidano
26%

Score Distribution

Percentile by Number Answered

Percent of People with Each Score

Your Score History

You have not taken this quiz